Online Catalogue and eLibrary

Kinaroo (Record no. 4203)

MARC details
000 -LEADER
fixed length control field 00360nam a2200145Ia 4500
005 - DATE AND TIME OF LATEST TRANSACTION
control field 20250403042757.0
008 - FIXED-LENGTH DATA ELEMENTS--GENERAL INFORMATION
fixed length control field 240331s9999 xx 000 0 und d
082 ## - DDC Classification
Item Number - Author Mark SOO
DDC Edition Number KIN
Class No. 894
100 ## - MAIN ENTRY--PERSONAL NAME
Personal name Soodamani, R
245 #0 - TITLE STATEMENT
Title Kinaroo
260 ## - PUBLICATION, DISTRIBUTION, ETC.
Place of publication, distribution, etc. Nagapatinam
Name of publisher, distributor, etc. Emaiyam Pathippagam
Date of publication, distribution, etc. 1991
300 ## - PHYSICAL DESCRIPTION
Extent (e.g. Volumes, Pages etc.) 176 p .,
650 ## - SUBJECT ADDED ENTRY--TOPICAL TERM
Topical term or geographic name entry element Soodamaniyin Siru Kadhaikal
942 ## - Koha item type (Biblio)
Koha item type Books in Stacks (Lending)
Holdings
Lost status Damaged status Collection code Home library Current library Shelving location Date acquired Full call number Accession Number Item type
    Lending WERC Library WERC Library Social Science Cupboard 03/31/2024 894.811 SOO 5029 Books in Stacks (Lending)

© WERC Library